Organizational behavior : human behavior at work
| Main Author: | |
|---|---|
| Format: | Book |
| Published: |
New York :
McGraw-Hill ,
1993
|
| Subjects: |
MARC
| LEADER | 00000cam a2200000 7i4500 | ||
|---|---|---|---|
| 001 | 0000002343 | ||
| 002 | 000002550 | ||
| 005 | 20000330.0 | ||
| 020 | |a 0071127305 | ||
| 090 | 0 | 0 | |a 658.3 |b NEW |
| 100 | 1 | |a NEWSTROM, John W. | |
| 245 | 1 | 0 | |a Organizational behavior : |b human behavior at work |c John W.Newstrom |
| 260 | |a New York : |b McGraw-Hill , |c 1993 | ||
| 300 | |a 582p. ; |c 23cm. | ||
| 650 | 0 | 0 | |a Organizational behavior |
| 999 | |a 035805 |b BUKU |c PINJAMAN |e PERPUSTAKAAN KOMUNITI PETALING JAYA | ||
| 999 | |a 035806 |b BUKU |c RUJUKAN |e PERPUSTAKAAN KOMUNITI PETALING JAYA | ||